Muhammad Ali Pasha and his Sabil : (رقم التسجيلة. 105711)

تفاصيل مارك
000 -LEADER
fixed length control field 01194cam a2200301 a 4500
008 - FIXED-LENGTH DATA ELEMENTS--GENERAL INFORMATION
fixed length control field 050509s2004 ua abch b 000 0deng d
020 ## - INTERNATIONAL STANDARD BOOK NUMBER
International Standard Book Number 9774248317
040 ## - CATALOGING SOURCE
Original cataloging agency UaCaAUL
Transcribing agency UaCaAUL
Modifying agency EG-GICUC
043 ## - GEOGRAPHIC AREA CODE
Geographic area code f*ua***
050 04 - LIBRARY OF CONGRESS CALL NUMBER
Classification number NA6083
Item number .D63 2004
092 04 - LOCALLY ASSIGNED DEWEY CALL NUMBER (OCLC)
Classification number 720.962
Item number D634
Edition number 21
099 ## - LOCAL FREE-TEXT CALL NUMBER (OCLC)
Classification number 04
-- 720.962 D634
100 1# - MAIN ENTRY--PERSONAL NAME
Personal name Dobrowolska, Agnieszka
245 10 - TITLE STATEMENT
Title Muhammad Ali Pasha and his Sabil :
Remainder of title a guide to the permanent exhibition in the Sabil Muhammad Ali Pasha in al-Aqqadin, Cairo /
Statement of responsibility, etc. Agnieszka Dobrowolska and Khaled Fahmy.
260 ## - PUBLICATION, DISTRIBUTION, ETC.
Place of publication, distribution, etc. Cairo ;
-- New York :
Name of publisher, distributor, etc. American University in Cairo Press,
Date of publication, distribution, etc. c2004.
300 ## - PHYSICAL DESCRIPTION
Extent 64 p. :
Other physical details ill (chiefly col.), facsims., geneal. table, maps,
500 ## - GENERAL NOTE
General note "Dar el Kutub No. 16140/03"--T.p. verso
504 ## - BIBLIOGRAPHY, ETC. NOTE
Bibliography, etc. note Includes bibliographical references (p. 64).
600 00 - SUBJECT ADDED ENTRY--PERSONAL NAME
Personal name Muhammad ?Ali B?sha,
Titles and other words associated with a name Governor of Egypt,
Chronological subdivision 1769-1849.
650 #0 - SUBJECT ADDED ENTRY--TOPICAL TERM
Topical term or geographic name entry element Architecture, Islamic
General subdivision Conservation and restoration
Geographic subdivision Egypt
-- Cairo.
651 #0 - SUBJECT ADDED ENTRY--GEOGRAPHIC NAME
Geographic name Egypt
General subdivision History
Chronological subdivision Mohammed Ali, 1805-1849.
700 1# - ADDED ENTRY--PERSONAL NAME
Personal name Fahmy, Khaled
902 ## - LOCAL DATA ELEMENT B, LDB (RLIN)
No. of Items 1
905 ## - LOCAL DATA ELEMENT E, LDE (RLIN)
Cataloger Mona
Reviser Cat
905 ## - LOCAL DATA ELEMENT E, LDE (RLIN)
Cataloger Omar
Reviser Rev
942 ## - ADDED ENTRY ELEMENTS (KOHA)
Source of classification or shelving scheme Dewey Decimal Classification
Koha item type Books
المقتنيات
Source of classification or shelving scheme Not for loan Home library Current library Date acquired Full call number Barcode Date last seen Copy number Koha item type
Dewey Decimal Classification   المكتبة المركزبة الجديدة - جامعة القاهرة قاعة الكتب - الدور الثاني 11.02.2024 720.962 D634 01000110188094000 23.09.2023 C.1 Books
Cairo University Libraries Portal Implemented & Customized by: Eng. M. Mohamady Contacts: new-lib@cl.cu.edu.eg | cnul@cl.cu.edu.eg
CUCL logo CNUL logo
© All rights reserved — Cairo University Libraries
CUCL logo
Implemented & Customized by: Eng. M. Mohamady Contact: new-lib@cl.cu.edu.eg © All rights reserved — New Central Library
CNUL logo
Implemented & Customized by: Eng. M. Mohamady Contact: cnul@cl.cu.edu.eg © All rights reserved — Cairo National University Library